Dictionary of global climate change

Αποθηκεύτηκε σε:
Λεπτομέρειες βιβλιογραφικής εγγραφής
Κύριος συγγραφέας: Maunder, W. J.
Συλλογικό Έργο: Stockholm Environment Institute, World Climate Conference
Μορφή: Βιβλίο
Γλώσσα:English
Δημοσίευση: London : UCL Press, c1994
Έκδοση:2nd ed.
Θέματα:
Ετικέτες: Προσθήκη ετικέτας
Δεν υπάρχουν, Καταχωρήστε ετικέτα πρώτοι!

MARC

LEADER 00000nam a2200000 i 4500
001 1/25364
008 981208s1994 eng d
020 |a 1-85728-284-1 
035 |l 10037316 
040 |a GR-MY-UA  |b gre  |e aacr 
041 0 |a eng 
082 0 |a 551.6 
100 1 |a Maunder, W. J. 
245 1 0 |a Dictionary of global climate change /  |c Compiled by W. John Maunder as a contribution of the Stockholm Environment Institute to the Second World Climate Conference 
250 |a 2nd ed. 
260 |a London :   |b UCL Press,   |c c1994 
300 |a 257 p. 
504 |a Includes bibliographical references 
650 0 0 |a Climatic changes. 
710 2 |a Stockholm Environment Institute. 
710 2 |a World Climate Conference. 
852 |a INST  |b LESVOS  |e 19981208  |h 551.6 MAU  |p 005100017673  |q 005100017673  |t REF  |y 23 
901 |a BIBL-1999-1 
909 |a Λ  |b 060304 
922 |a 1ΕΛΗ  |b 199810  |c ΚΠΣ/ΤΓ  |d ΠΑΠΑΣΩΤΗΡΙΟΥ 
950 |a 118-1998-07-21